First line of R.E.M. songs - Statistics

General Stats
  • This quiz has been taken 13 times
  • The average score is 17 of 30
Answer Stats
First line Song % Correct
Oh, life, it's bigger Losing My Religion
100%
Shiny happy people laughing Shiny Happy People
100%
Stand in the place where you live Stand
92%
Smack, crack, bushwhacked Drive
83%
When your day is long Everybody Hurts
83%
Mott the Hoople and the Game of Life Man on the Moon
83%
Follow me, don't follow me Orange Crush
83%
This one goes out to the one I love The One I Love
83%
That's great It's the End of the World as We Know It (And I Feel Fine)
67%
Hey, I can't find nothing on the radio Radio Song
67%
I am, (I am), I am superman Superman
67%
Beside yourself if radio's gonna stay Radio Free Europe
58%
This here is the place where I will be staying The Sidewinder Sleeps Tonite
58%
Looking at your watch a third time, waiting in the station for the bus (Don't Go Back to) Rockville
50%
There's the problem, feathers, iron Fall on Me
50%
Whenever we hold each other Near Wild Heaven
50%
That's when Wendell Gee Wendell Gee
50%
The walls are built up stone by stone Driver 8
42%
Hey now, little speedyhead Find the River
42%
I don't know why you're mean to me Strange Currencies
42%
Readying to bury your father and your mother Sweetness Follows
42%
Your eyes are burning holes through me Electrolite
33%
The time to rise has been engaged Finest Worksong
33%
Sleep delays my life Get Up
33%
Put your hair back, we get to leave Perfect Circle
33%
Twenty-thousand miles to an oasis Texarkana
33%
When the world is a monster Can't Get There from Here
25%
I see your money on the floor Gardening at Night
25%
Empty prayer, empty mouths Talk About the Passion
25%
If you could see yourself now, baby Bang and Blame
17%
No matching quizzes found
Score Distribution
Percent of People with Each Score
Percentile by Number Answered
Your Score History
You have not taken this quiz